Promoting effective discipline in school and classroom: a practitioner's perspective

I tiakina i:
Ngā taipitopito rārangi puna kōrero
Ngā kaituhi matua: Grossnickle, Donald R (Author), Sesko, Frank P (Author)
Hōputu: Pukapuka
Reo:Ingarihi
I whakaputaina: Reston National Association of Secondary School Principals 1985
Ngā marau:
Ngā Tūtohu: Tāpirihia he Tūtohu
Kāore He Tūtohu, Me noho koe te mea tuatahi ki te tūtohu i tēnei pūkete!

MARC

LEADER 00000nam a2200000 a 4500
001 UCY8570
003 CL-VaPUC
008 950703e19850000US |||||||||||||||||eng|d
082 0 4 |a 371.5  |b GRO  |2 21 
100 |a Grossnickle, Donald R  |e author  |9 340048 
700 0 |a Sesko, Frank P  |e author  |9 340049 
245 1 0 |a Promoting effective discipline in school and classroom: a practitioner's perspective 
300 |a 73 p 
942 |c BK 
945 |d 19950703 00:00:00  |a cmena 
260 |a Reston  |b National Association of Secondary School Principals  |c 1985 
650 0 |a Disciplina escolar  |9 271077 
650 0 |a Psicología educacional   |9 307830 
650 7 |a MALA CONDUCTA  |2 CL-VaPUC  |9 340050 
650 0 |a Métodos de enseñanza  |9 270413 
583 |a last modification  |c 20170926 09:38:08  |k Rodrigo Vera 
999 |c 235803  |d 235801 
952 |0 0  |1 0  |4 0  |6 371_500000000000000_GRO_1985  |7 0  |8 P  |9 243452  |a BIBEDU  |b BIBEDU  |c BIBEDU_PB  |d 2019-11-18  |i 1524895  |o 371.5 GRO 1985  |p 1524895  |r 2024-01-25  |w 2019-11-18  |y BK  |k EDU